00454nam a2200169Ia 4500003000400000005001700004008004100021020001800062040000700080041000800087082001900095100002300114245008200137260004000219300001200259365001300271OSt20230427093251.0210423s2007 xx 000 0 und d a9788130906409 cAL aeng a820.9 BLOV223 aBLOOM (Harold),Ed. aViva modern critical interpretations Fyodor dostoevskys crime and punishment. aNew DelhibViva Books Pvt Ltdc2007 a302bPB b175cINR